Geography Quiz

Random Geography or City Quiz
Score 0/101 Timer 15:00
11 Plays Today
State City % Correct
CA (1)???
54%
AK (1)???
53.7%
AZ (1)???
44.1%
NY (1)???
40.6%
AR (1)???
39.2%
CO (1)???
38.6%
AL (1)???
34.8%
IL (1)???
32.6%
GA (1)???
30.4%
MA (1)???
29.3%
AK (2)???
26.3%
CA (2)???
25.9%
MS (1)???
25.7%
FL (2)???
25.5%
ME (1)???
25.5%
OR (1)???
25.5%
LA (1)???
25.4%
TX (1)???
24.8%
HI (1)???
24.5%
PA (1)???
23.8%
AL (2)???
23.5%
MD (1)???
23.4%
MI (1)???
23.1%
AZ (2)???
22.8%
MO (1)???
22.1%
IN (1)???
21.6%
FL (1)???
21.3%
MN (1)???
21.2%
MO (2)???
20.4%
KY (1)???
20.1%
ID (1)???
19.8%
WA (1)???
19.5%
OK (1)???
19.1%
OH (1)???
18.4%
State City % Correct
IA (1)???
18.3%
NV (1)???
18.2%
PA (2)???
18.1%
CO (2)???
17.4%
OH (2)???
17%
TN (2)???
17%
MN (2)???
16.7%
RI (1)???
16.5%
NC (1)???
16.4%
TN (1)???
16.3%
UT (1)???
16%
DE (1)???
14.8%
NE (1)???
14.7%
LA (2)???
14.2%
DE (2)???
14%
WI (1)???
13.3%
NJ (1)???
13.2%
NY (2)???
13%
KY (2)???
12.9%
OK (2)???
12.8%
NM (1)???
12.5%
SC (2)???
11.8%
WV (1)???
11.8%
TX (2)???
11.7%
NC (2)???
11.6%
KS (1)???
11.1%
NE (2)???
10.8%
CT (1)???
10.6%
CT (2)???
10.5%
ND (1)???
10.2%
SC (1)???
9.7%
WI (2)???
9.6%
WY (1)???
9.1%
MT (1)???
8.9%
State City % Correct
GA (2)???
8.5%
VA (1)???
7.6%
NH (1)???
7.2%
VT (1)???
7%
MD (2)???
7%
SD (1)???
7%
NJ (2)???
6.8%
IN (2)???
6.6%
MA (2)???
6.2%
MI (2)???
6.2%
AR (2)???
5.9%
ND (2)???
5.6%
WA (2)???
5%
IA (2)???
4.9%
OR (2)???
4.5%
IL (2)???
4.4%
VA (2)???
4.4%
NV (2)???
3.8%
WY (2)???
3.6%
SD (2)???
3.4%
MT (2)???
3.2%
NH (2)???
3.1%
KS (2)???
3%
NM (2)???
2.6%
ID (2)???
2.6%
WV (2)???
2.3%
MS (2)???
2.3%
RI (2)???
2.3%
HI (2)???
2.2%
ME (2)???
2.2%
(*)???
2.1%
UT (2)???
2.1%
VT (2)???
1.4%

You're not logged in!

Compare scores with friends on all Sporcle quizzes.
OR
Log In

Sporcle TV

Today on Sporcle TV


Watch our educational content, quiz creation guides, and fun videos on Sporcle TV.

Show Comments

Extras

Top Quizzes Today


Score Distribution

Paid Content

Your Account Isn't Verified!

In order to create a playlist on Sporcle, you need to verify the email address you used during registration. Go to your Sporcle Settings to finish the process.

Report this User

Report this user for behavior that violates our Community Guidelines.

Details: